[Event "Wroclaw Open"]
[Site "?"]
[Date "2017.08.16"]
[Round "6.16"]
[White "Jachym, Adam"]
[Black "Kaminski, Jan"]
[Result "0-1"]
[BlackElo "1818"]
[WhiteElo "2005"]
[LiveChessVersion "1.4.6"]

1. e4 {[%clk 1:30:46]} c5 {[%clk 1:30:55]} 2. Nf3 {[%clk 1:31:11]} g6
{[%clk 1:31:21]} 3. d4 {[%clk 1:31:21]} cxd4 {[%clk 1:31:49]} 4. Nxd4
{[%clk 1:31:38]} Nc6 {[%clk 1:32:15]} 5. Be3 {[%clk 1:31:37]} Nf6
{[%clk 1:32:35]} 6. Nc3 {[%clk 1:31:56]} Bg7 {[%clk 1:32:59]} 7. Be2
{[%clk 1:31:59]} O-O {[%clk 1:33:21]} 8. O-O {[%clk 1:32:16]} d5 {[%clk 1:33:44]}
9. exd5 {[%clk 1:26:49]} Nb4 {[%clk 1:33:59]} 10. Bf3 {[%clk 1:22:55]} Nfxd5
{[%clk 1:33:31]} 11. Nxd5 {[%clk 1:22:53]} Nxd5 {[%clk 1:33:54]} 12. Bg5
{[%clk 1:23:11]} h6 {[%clk 1:31:21]} 13. Bh4 {[%clk 1:22:15]} Nf4
{[%clk 1:27:17]} 14. c3 {[%clk 1:20:36]} g5 {[%clk 1:19:37]} 15. Bg3
{[%clk 1:20:18]} e5 {[%clk 1:19:56]} 16. Nb3 {[%clk 1:18:16]} Qb6
{[%clk 1:19:11]} 17. Qc2 {[%clk 1:16:06]} Be6 {[%clk 1:18:30]} 18. Rfe1
{[%clk 1:15:07]} Rad8 {[%clk 1:16:24]} 19. Re3 {[%clk 1:14:28]} f5
{[%clk 1:12:38]} 20. Rae1 {[%clk 1:09:49]} e4 {[%clk 1:12:26]} 21. Nd2
{[%clk 1:04:52]} Bf7 {[%clk 1:08:09]} 22. Nxe4 {[%clk 1:03:29]} fxe4
{[%clk 1:08:33]} 23. Bxe4 {[%clk 1:03:47]} Nd5 {[%clk 1:01:13]} 24. R3e2
{[%clk 1:01:09]} Nf6 {[%clk 1:01:05]} 25. Bf5 {[%clk 1:01:01]} Rfe8
{[%clk 1:01:23]} 26. Be5 {[%clk 0:59:24]} Nh5 {[%clk 1:00:57]} 27. Bxg7
{[%clk 0:54:09]} Kxg7 {[%clk 0:59:59]} 28. Rxe8 {[%clk 0:53:04]} Rxe8
{[%clk 1:00:20]} 29. Rxe8 {[%clk 0:53:25]} Bxe8 {[%clk 1:00:48]} 30. Qe2
{[%clk 0:53:25]} Qd6 {[%clk 0:58:36]} 31. h4 {[%clk 0:52:50]} Bf7
{[%clk 0:57:33]} 32. hxg5 {[%clk 0:51:12]} hxg5 {[%clk 0:57:54]} 33. Qe3
{[%clk 0:50:21]} Qf4 {[%clk 0:57:12]} 34. Qc5 {[%clk 0:48:32]} b6
{[%clk 0:56:57]} 35. Qb5 {[%clk 0:48:45]} Nf6 {[%clk 0:55:57]} 36. Qd3
{[%clk 0:47:24]} Bxa2 {[%clk 0:53:08]} 37. g3 {[%clk 0:45:32]} Qc1+
{[%clk 0:52:37]} 38. Kh2 {[%clk 0:45:00]} Bd5 {[%clk 0:53:01]} 39. f3
{[%clk 0:45:24]} Qxb2+ {[%clk 0:52:32]} 40. Kg1 {[%clk 0:45:00]} Qc1+
{[%clk 0:52:44]} 41. Kf2 {[%clk 0:45:25]} Qa3 {[%clk 0:50:52]} 42. Qd2
{[%clk 0:45:33]} Kh6 {[%clk 0:50:19]} 43. f4 {[%clk 0:45:38]} Qc5+
{[%clk 0:50:04]} 44. Kf1 {[%clk 0:45:45]} Bc4+ {[%clk 0:50:21]} 45. Bd3
{[%clk 0:46:01]} Bxd3+ {[%clk 0:44:53]} 46. Qxd3 {[%clk 0:46:25]} g4
{[%clk 0:44:23]} 47. Qc2 {[%clk 0:45:18]} Kg7 {[%clk 0:42:11]} 48. c4
{[%clk 0:44:45]} Qe3 {[%clk 0:42:06]} 49. Qf5 {[%clk 0:44:13]} Qf3+
{[%clk 0:42:07]} 50. Kg1 {[%clk 0:44:13]} Qxg3+ {[%clk 0:42:30]} 51. Kh1
{[%clk 0:44:29]} Qe1+ {[%clk 0:39:00]} 52. Kg2 {[%clk 0:44:13]} Qe4+
{[%clk 0:39:19]} 0-1

[Event "Wroclaw Open"]
[Site "?"]
[Date "2017.08.16"]
[Round "6.17"]
[White "Dytman, Radoslaw"]
[Black "Van Der Veen, Ronald"]
[Result "0-1"]
[BlackElo "2002"]
[WhiteElo "1601"]
[LiveChessVersion "1.4.6"]

1. e4 {[%clk 1:30:55]} d5 {[%clk 1:30:51]} 2. exd5 {[%clk 1:31:11]} Nf6
{[%clk 1:31:15]} 3. Nf3 {[%clk 1:30:54]} Bg4 {[%clk 1:31:25]} 4. c4
{[%clk 1:29:06]} c6 {[%clk 1:30:30]} 5. d4 {[%clk 1:28:15]} cxd5 {[%clk 1:30:18]}
6. Nc3 {[%clk 1:27:05]} e6 {[%clk 1:28:30]} 7. Be2 {[%clk 1:22:08]} dxc4
{[%clk 1:24:14]} 8. Qa4+ {[%clk 1:06:38]} Nbd7 {[%clk 1:19:26]} 9. Qxc4
{[%clk 1:05:01]} Be7 {[%clk 1:17:12]} 10. O-O {[%clk 1:01:37]} O-O
{[%clk 1:16:53]} 11. Be3 {[%clk 1:00:16]} a6 {[%clk 1:13:05]} 12. a4
{[%clk 0:55:51]} Bf5 {[%clk 1:08:50]} 13. Rac1 {[%clk 0:49:10]} h6
{[%clk 1:00:09]} 14. Rfd1 {[%clk 0:46:55]} Rc8 {[%clk 0:54:48]} 15. Qb3
{[%clk 0:45:52]} Qb6 {[%clk 0:53:34]} 16. Qa2 {[%clk 0:42:16]} Qa5
{[%clk 0:48:34]} 17. d5 {[%clk 0:27:58]} Bb4 18. Nd4 {[%clk 0:22:14]} Bxc3
{[%clk 0:33:21]} 19. Nxf5 {[%clk 0:18:51]} exf5 {[%clk 0:32:23]} 20. bxc3
{[%clk 0:18:51]} Ne4 {[%clk 0:22:57]} 21. Rd3 {[%clk 0:06:50]} Ne5
{[%clk 0:19:10]} 22. c4 {[%clk 0:02:50]} Nxd3 {[%clk 0:14:17]} 23. Bxd3
{[%clk 0:03:12]} Rfe8 {[%clk 0:07:59]} 24. h3 {[%clk 0:01:50]} g5
{[%clk 0:07:08]} 25. Bd4 {[%clk 0:01:46]} Qd2 {[%clk 0:03:36]} 26. Qa3
{[%clk 0:00:58]} b5 {[%clk 0:02:54]} 27. Be3 {[%clk 0:00:49]} b4 {[%clk 0:02:47]}
28. Bxd2 {[%clk 0:00:37]} bxa3 {[%clk 0:03:15]} 29. Bb4 {[%clk 0:00:55]} a2
{[%clk 0:02:59]} 30. Ra1 {[%clk 0:00:49]} Rb8 {[%clk 0:03:11]} 31. Ba3
{[%clk 0:00:53]} Rb3 {[%clk 0:02:12]} 32. Bxe4 {[%clk 0:01:03]} Rxe4
{[%clk 0:02:03]} 33. Rxa2 {[%clk 0:01:07]} Rxc4 {[%clk 0:02:20]} 34. Be7
{[%clk 0:00:33]} Rd3 {[%clk 0:01:57]} 35. d6 {[%clk 0:00:49]} Rcd4
{[%clk 0:01:48]} 36. Kf1 {[%clk 0:00:37]} Rd2 {[%clk 0:01:38]} 37. Rxd2
{[%clk 0:00:32]} Rxd2 {[%clk 0:02:06]} 38. a5 {[%clk 0:00:48]} Rd5
{[%clk 0:02:35]} 39. Ke2 {[%clk 0:00:44]} Kh7 {[%clk 0:02:01]} 40. Ke3
{[%clk 0:00:39]} Kg6 {[%clk 0:02:22]} 41. g3 {[%clk 0:00:43]} f6 {[%clk 0:02:08]}
42. g4 {[%clk 0:00:35]} Kf7 {[%clk 0:02:14]} 43. Bd8 {[%clk 0:00:32]} Rxd6
{[%clk 0:01:59]} 44. Bc7 {[%clk 0:00:36]} Rd7 {[%clk 0:02:24]} 45. Bb6
{[%clk 0:00:59]} Ke6 {[%clk 0:02:44]} 46. f3 {[%clk 0:00:53]} fxg4
{[%clk 0:02:21]} 47. hxg4 {[%clk 0:00:59]} f5 {[%clk 0:02:18]} 48. Ke2
{[%clk 0:00:52]} Kf6 {[%clk 0:02:11]} 49. Ke3 {[%clk 0:00:59]} Kg6
{[%clk 0:02:27]} 50. Ke2 {[%clk 0:01:07]} h5 {[%clk 0:02:47]} 51. gxh5+
{[%clk 0:01:28]} Kxh5 {[%clk 0:03:16]} 52. Ke3 {[%clk 0:01:08]} Kh4
{[%clk 0:03:34]} 53. Ke2 {[%clk 0:01:14]} Kg3 {[%clk 0:03:45]} 54. Bf2+
{[%clk 0:01:29]} Kg2 {[%clk 0:03:55]} 55. Bb6 {[%clk 0:01:32]} Re7+
{[%clk 0:03:34]} 56. Kf2+ 0-1

[Event "Wroclaw Open"]
[Site "?"]
[Date "2017.08.16"]
[Round "6.18"]
[White "Wieczorek, Mikolaj"]
[Black "Schwedek, Tony"]
[Result "0-1"]
[BlackElo "1920"]
[WhiteElo "1533"]
[LiveChessVersion "1.4.6"]

1. e4 {[%clk 1:30:59]} e5 {[%clk 1:30:48]} 2. Nf3 {[%clk 1:31:21]} Nc6
{[%clk 1:31:10]} 3. d4 {[%clk 1:31:43]} exd4 {[%clk 1:31:33]} 4. Bc4
{[%clk 1:32:10]} Nf6 {[%clk 1:31:25]} 5. e5 {[%clk 1:32:35]} d5 {[%clk 1:32:13]}
6. Bb5 {[%clk 1:32:59]} Ne4 {[%clk 1:32:32]} 7. Nxd4 {[%clk 1:33:23]} Bc5
{[%clk 1:32:53]} 8. Be3 {[%clk 1:32:14]} Bd7 {[%clk 1:27:35]} 9. O-O
{[%clk 1:26:47]} Nxe5 {[%clk 1:24:25]} 10. Qh5 {[%clk 1:20:07]} Bd6
{[%clk 1:18:35]} 11. f3 {[%clk 1:07:15]} Nf6 {[%clk 1:14:41]} 12. Qg5
{[%clk 1:05:47]} c6 {[%clk 1:12:36]} 13. Bf4 {[%clk 0:57:23]} h6 {[%clk 1:05:21]}
14. Qg3 {[%clk 0:56:30]} Nh5 {[%clk 1:03:46]} 15. Qe1 {[%clk 0:54:42]} Nxf4
{[%clk 1:03:52]} 16. Qe3 {[%clk 0:54:24]} O-O {[%clk 0:59:01]} 17. Qxf4
{[%clk 0:54:40]} cxb5 {[%clk 0:59:13]} 18. Nc3 {[%clk 0:54:36]} Nc4
{[%clk 0:57:56]} 19. Qc1 {[%clk 0:54:25]} Qh4 {[%clk 0:56:03]} 0-1

[Event "Wroclaw Open"]
[Site "?"]
[Date "2017.08.16"]
[Round "6.19"]
[White "Engers, Felix"]
[Black "Pietraszko, Jakub"]
[Result "1-0"]
[BlackElo "1724"]
[WhiteElo "1919"]
[LiveChessVersion "1.4.6"]

1. c4 {[%clk 1:30:59]} Nc6 {[%clk 1:26:53]} 2. g3 {[%clk 1:31:23]} e5
{[%clk 1:27:15]} 3. Nc3 {[%clk 1:31:48]} f5 {[%clk 1:27:21]} 4. Nf3
{[%clk 1:32:14]} e4 {[%clk 1:25:46]} 5. Nh4 {[%clk 1:32:36]} d6 {[%clk 1:20:31]}
6. d4 {[%clk 1:33:01]} Be7 {[%clk 1:19:59]} 7. Ng2 {[%clk 1:33:25]} Nf6
{[%clk 1:19:57]} 8. Bg5 {[%clk 1:33:48]} Nh5 {[%clk 1:11:54]} 9. Bxe7
{[%clk 1:33:41]} Nxe7 {[%clk 1:10:05]} 10. e3 {[%clk 1:33:53]} Nf6
{[%clk 1:08:34]} 11. Nf4 {[%clk 1:32:13]} d5 {[%clk 1:02:13]} 12. cxd5
{[%clk 1:23:58]} Nexd5 {[%clk 1:01:15]} 13. Ncxd5 {[%clk 1:24:05]} Nxd5
{[%clk 1:01:20]} 14. Qh5+ {[%clk 1:23:22]} Ke7 {[%clk 0:58:18]} 15. Bc4
{[%clk 1:22:09]} Be6 {[%clk 0:53:34]} 16. Bxd5 {[%clk 1:17:45]} Bxd5
{[%clk 0:53:31]} 17. Qg5+ {[%clk 1:17:54]} Kd6 {[%clk 0:47:44]} 18. Qxf5
{[%clk 1:15:41]} c6 {[%clk 0:47:22]} 19. Qe5+ {[%clk 1:15:13]} Kd7
{[%clk 0:47:51]} 20. Nxd5 {[%clk 1:15:00]} cxd5 {[%clk 0:46:39]} 21. Qxd5+
{[%clk 1:15:21]} Ke8 {[%clk 0:46:16]} 22. Qxe4+ {[%clk 1:15:29]} 1-0

[Event "Wroclaw Open"]
[Site "?"]
[Date "2017.08.16"]
[Round "6.20"]
[White "Pawicka, Magdalena"]
[Black "Slacky, Stanislav"]
[Result "1/2-1/2"]
[BlackElo "2210"]
[WhiteElo "1790"]
[LiveChessVersion "1.4.6"]

1. e4 {[%clk 1:30:57]} Nf6 {[%clk 1:29:52]} 2. e5 {[%clk 1:31:19]} Nd5
{[%clk 1:30:08]} 3. c4 {[%clk 1:31:31]} Nb6 {[%clk 1:30:25]} 4. d4
{[%clk 1:31:46]} d6 {[%clk 1:30:50]} 5. exd6 {[%clk 1:31:56]} exd6
{[%clk 1:30:52]} 6. Nc3 {[%clk 1:32:03]} Nc6 {[%clk 1:30:57]} 7. Be3
{[%clk 1:30:37]} Bf5 {[%clk 1:28:20]} 8. Nf3 {[%clk 1:22:54]} Be7
{[%clk 1:26:13]} 9. h3 {[%clk 1:17:34]} O-O {[%clk 1:14:00]} 10. d5
{[%clk 1:15:24]} Ne5 {[%clk 1:10:17]} 11. Nxe5 {[%clk 1:12:39]} dxe5
{[%clk 1:09:23]} 12. c5 {[%clk 1:07:20]} Nc8 {[%clk 1:06:26]} 13. Bd3
{[%clk 0:58:58]} Bxd3 {[%clk 1:06:24]} 14. Qxd3 {[%clk 0:59:13]} f5
{[%clk 1:05:37]} 15. d6 {[%clk 0:48:57]} cxd6 {[%clk 1:01:10]} 16. Qd5+
{[%clk 0:49:03]} Kh8 {[%clk 1:00:08]} 17. Qxb7 {[%clk 0:49:13]} d5
{[%clk 1:00:03]} 18. Qxa8 {[%clk 0:45:53]} d4 {[%clk 0:59:49]} 19. Bd2
{[%clk 0:40:40]} dxc3 {[%clk 0:59:47]} 20. Bxc3 {[%clk 0:40:57]} Bxc5
{[%clk 0:59:18]} 21. O-O {[%clk 0:39:35]} f4 {[%clk 0:58:31]} 22. Qf3
{[%clk 0:33:04]} Qg5 {[%clk 0:56:23]} 23. Rae1 {[%clk 0:31:38]} Re8
{[%clk 0:56:29]} 24. Qg4 {[%clk 0:31:16]} Qxg4 {[%clk 0:56:45]} 25. hxg4
{[%clk 0:31:34]} e4 {[%clk 0:57:05]} 26. Bd2 {[%clk 0:23:04]} g5 {[%clk 0:55:05]}
27. Re2 {[%clk 0:18:55]} Nd6 {[%clk 0:52:33]} 28. Rfe1 {[%clk 0:18:07]} e3
{[%clk 0:38:09]} 29. fxe3 {[%clk 0:17:18]} Nc4 {[%clk 0:37:17]} 30. Bc3+
{[%clk 0:16:54]} Kg8 {[%clk 0:37:32]} 31. Bd4 {[%clk 0:16:52]} Bxd4
{[%clk 0:34:50]} 32. exd4 {[%clk 0:17:17]} Ne3 {[%clk 0:35:15]} 33. Rxe3
{[%clk 0:10:05]} fxe3 {[%clk 0:35:35]} 34. d5 {[%clk 0:10:08]} Rd8
{[%clk 0:34:49]} 35. Rxe3 {[%clk 0:10:32]} Rxd5 {[%clk 0:35:12]} 36. Re7
{[%clk 0:08:31]} Ra5 {[%clk 0:34:17]} 37. a3 {[%clk 0:08:45]} Rb5
{[%clk 0:34:36]} 38. b4 {[%clk 0:07:06]} a5 {[%clk 0:34:48]} 39. Re4
{[%clk 0:07:09]} Kf7 {[%clk 0:34:46]} 40. Kf2 {[%clk 0:07:12]} axb4
{[%clk 0:30:06]} 41. axb4 {[%clk 0:07:27]} Rb8 {[%clk 0:30:31]} 42. Ke3
{[%clk 0:07:36]} Ra8 {[%clk 0:30:14]} 43. Rd4 {[%clk 0:05:15]} Ke6
{[%clk 0:29:52]} 44. Re4+ {[%clk 0:03:21]} Kd5 {[%clk 0:28:10]} 45. Rd4+
{[%clk 0:03:20]} Ke5 {[%clk 0:25:39]} 46. Re4+ {[%clk 0:03:12]} Kd5
{[%clk 0:25:55]} 47. Rd4+ {[%clk 0:03:25]} Ke5 {[%clk 0:26:08]} 48. Re4+
{[%clk 0:03:10]} 1/2-1/2

[Event "Wroclaw Open"]
[Site "?"]
[Date "2017.08.16"]
[Round "6.21"]
[White "Zauner, Christoph"]
[Black "Karykowska, Anna"]
[Result "0-1"]
[BlackElo "1860"]
[WhiteElo "2044"]
[LiveChessVersion "1.4.6"]

1. d4 Nf6 2. c4 e6 3. Nc3 Bb4 4. f3 d5 5. a3 Bxc3+ 6. bxc3 O-O 7. cxd5 exd5 8. e3
c5 9. Bd3 Nc6 10. Ne2 Re8 11. O-O c4 12. Bb1 b5 13. g4 Na5 14. Ng3 Bb7 15. Ra2
Nb3 16. g5 Nd7 17. e4 a5 18. e5 Qb6 19. f4 b4 20. Qh5 Nf8 21. Be3 bxc3 22. Nf5 g6
23. Nh6+ Kg7 24. Qf3 Nxd4 25. Qf2 Nf3+ 26. Qxf3 d4 27. Be4 dxe3 28. Re2 Bxe4 29.
Qxe4 Ne6 30. f5 Nd4 31. Rxe3 Nc2 32. f6+ Kf8 33. Qd5 Ra7 34. e6 fxe6 35. f7 Qxe3+
36. Kh1 exd5 0-1

[Event "Wroclaw Open"]
[Site "?"]
[Date "2017.08.16"]
[Round "6.22"]
[White "Hetzer, Volkhard"]
[Black "Beno, Milan"]
[Result "1-0"]
[BlackElo "1691"]
[WhiteElo "1980"]
[LiveChessVersion "1.4.6"]

1. c4 c6 2. Nf3 Nf6 3. d4 d5 4. Nc3 e6 5. g3 Nbd7 6. Bg2 Be7 7. O-O O-O 8. b3 Qc7
9. Qc2 dxc4 10. bxc4 Nb6 11. Bf4 Qd8 12. Qb3 Nh5 13. Be3 Nf6 14. Rfd1 Ng4 15. Bf4
Nf6 16. Rac1 Nh5 17. Be3 Nf6 18. Ne5 Qc7 19. Bf4 Nh5 20. Nxc6 Nxf4 21. Nxe7+ Qxe7
22. gxf4 Qh4 23. e3 Qh5 24. c5 Nd5 25. Nxd5 exd5 26. Qxd5 Qg6 27. Qg5 Qa6 28. Rd2
Qa5 29. Rdc2 h6 30. Qe5 Qb5 31. c6 Qb6 32. d5 bxc6 33. dxc6 Be6 34. c7 Rac8 35.
Rb2 1-0

[Event "Wroclaw Open"]
[Site "?"]
[Date "2017.08.16"]
[Round "7.1"]
[White "Omelja, Artem"]
[Black "Nowak, Kamil"]
[Result "1-0"]
[BlackElo "2318"]
[WhiteElo "2411"]
[LiveChessVersion "1.4.6"]

1. d4 {[%clk 1:30:47]} d5 {[%clk 1:30:43]} 2. c4 {[%clk 1:31:06]} c6
{[%clk 1:31:07]} 3. Nf3 {[%clk 1:31:14]} Nf6 {[%clk 1:31:28]} 4. e3
{[%clk 1:31:14]} a6 {[%clk 1:30:30]} 5. Nc3 {[%clk 1:26:43]} b5 {[%clk 1:30:55]}
6. c5 {[%clk 1:25:08]} Bg4 {[%clk 1:28:17]} 7. h3 {[%clk 1:24:30]} Bxf3
{[%clk 1:27:06]} 8. Qxf3 {[%clk 1:24:06]} Nbd7 {[%clk 1:26:54]} 9. g4
{[%clk 1:21:09]} h6 {[%clk 1:23:02]} 10. h4 {[%clk 1:17:11]} b4 {[%clk 1:19:33]}
11. Nb1 {[%clk 1:14:32]} e5 {[%clk 1:17:42]} 12. Nd2 {[%clk 1:12:45]} g6
{[%clk 1:14:01]} 13. h5 {[%clk 1:08:49]} g5 {[%clk 1:08:15]} 14. Qf5
{[%clk 1:02:30]} Ng8 {[%clk 1:08:19]} 15. Nf3 {[%clk 0:55:39]} Ne7
{[%clk 1:01:56]} 16. Qc2 {[%clk 0:55:53]} Bg7 {[%clk 0:59:20]} 17. Bd2
{[%clk 0:52:36]} a5 {[%clk 0:52:32]} 18. a3 {[%clk 0:52:34]} e4 {[%clk 0:50:38]}
19. Nh2 {[%clk 0:49:37]} bxa3 {[%clk 0:49:41]} 20. Rxa3 {[%clk 0:49:18]} O-O
{[%clk 0:48:40]} 21. Qa4 {[%clk 0:46:12]} f5 {[%clk 0:47:17]} 22. Bxa5
{[%clk 0:44:13]} Qe8 {[%clk 0:44:22]} 23. b4 {[%clk 0:39:40]} f4 {[%clk 0:41:20]}
24. Be2 {[%clk 0:33:12]} fxe3 {[%clk 0:38:17]} 25. fxe3 {[%clk 0:33:30]} Qb8
{[%clk 0:37:26]} 26. Nf1 {[%clk 0:32:02]} Rf7 {[%clk 0:35:30]} 27. Rg1
{[%clk 0:24:55]} Nf8 {[%clk 0:35:54]} 28. Ng3 {[%clk 0:23:45]} Ne6
{[%clk 0:33:34]} 29. Rg2 {[%clk 0:23:37]} Bxd4 {[%clk 0:28:04]} 30. exd4
{[%clk 0:23:45]} Qf4 {[%clk 0:27:43]} 31. Qd1 {[%clk 0:15:06]} Ra7
{[%clk 0:28:10]} 32. Qd2 {[%clk 0:11:00]} Nxd4 {[%clk 0:28:31]} 33. Bd1
{[%clk 0:09:53]} Nf3+ {[%clk 0:27:31]} 34. Bxf3 {[%clk 0:08:39]} exf3
{[%clk 0:27:53]} 35. Qxf4 {[%clk 0:08:13]} gxf4 {[%clk 0:28:17]} 36. Rxf3
{[%clk 0:08:19]} fxg3 {[%clk 0:28:38]} 37. Rgxg3 {[%clk 0:07:50]} Rxf3
{[%clk 0:26:52]} 38. Rxf3 {[%clk 0:08:12]} Kg7 {[%clk 0:27:03]} 39. Kd2
{[%clk 0:06:50]} Ng8 {[%clk 0:27:09]} 40. Bd8 {[%clk 0:06:42]} Ra2+
{[%clk 0:27:14]} 41. Ke3 {[%clk 0:06:30]} Ra3+ {[%clk 0:24:59]} 42. Kf2
{[%clk 0:06:07]} Ra2+ {[%clk 0:25:08]} 43. Kg3 {[%clk 0:06:21]} Rb2
{[%clk 0:25:34]} 44. Rf4 {[%clk 0:06:28]} Rb3+ {[%clk 0:25:32]} 45. Kh4
{[%clk 0:05:36]} Rb1 {[%clk 0:26:00]} 46. g5 {[%clk 0:05:40]} hxg5+
{[%clk 0:25:34]} 47. Bxg5 {[%clk 0:05:35]} Rg1 {[%clk 0:24:50]} 48. b5
{[%clk 0:02:04]} cxb5 {[%clk 0:25:18]} 49. c6 {[%clk 0:02:26]} Rg2
{[%clk 0:24:59]} 50. c7 {[%clk 0:02:17]} Rc2 {[%clk 0:25:27]} 51. Bd8
{[%clk 0:02:20]} Nh6 {[%clk 0:24:59]} 52. Rb4 {[%clk 0:00:39]} Nf5+
{[%clk 0:24:13]} 53. Kg5 {[%clk 0:01:00]} Nd6 {[%clk 0:24:36]} 54. h6+
{[%clk 0:00:40]} Kh7 {[%clk 0:22:56]} 55. Rf4 {[%clk 0:00:59]} Rg2+
{[%clk 0:21:35]} 56. Kh5 {[%clk 0:01:07]} Rh2+ {[%clk 0:20:48]} 57. Bh4
{[%clk 0:01:06]} Rc2 {[%clk 0:20:45]} 58. Rf6 {[%clk 0:00:52]} Ne8
{[%clk 0:21:00]} 59. Rf7+ {[%clk 0:01:01]} Kg8 {[%clk 0:21:29]} 60. Re7
{[%clk 0:00:45]} Rxc7 {[%clk 0:21:06]} 61. Rxe8+ {[%clk 0:00:47]} Kh7
{[%clk 0:21:33]} 62. Bf6 {[%clk 0:00:59]} 1-0

[Event "Wroclaw Open"]
[Site "?"]
[Date "2017.08.16"]
[Round "7.2"]
[White "Grabarczyk, Miroslaw"]
[Black "Vypkhaniuk, Ihor"]
[Result "1/2-1/2"]
[BlackElo "2333"]
[WhiteElo "2441"]
[LiveChessVersion "1.4.6"]

1. d4 {[%clk 1:30:57]} Nf6 {[%clk 1:25:51]} 2. c4 g6 {[%clk 1:26:12]} 3. Nf3
{[%clk 1:31:04]} Bg7 {[%clk 1:26:36]} 4. g3 c5 {[%clk 1:26:57]} 5. d5
{[%clk 1:30:19]} b5 {[%clk 1:27:45]} 6. cxb5 {[%clk 1:30:38]} a6 {[%clk 1:27:50]}
7. bxa6 d6 {[%clk 1:28:04]} 8. Nc3 {[%clk 1:30:31]} O-O {[%clk 1:27:34]} 9. Bg2
{[%clk 1:22:46]} Bf5 {[%clk 1:27:18]} 10. Nd2 {[%clk 1:22:51]} Nxa6
{[%clk 1:26:43]} 11. Nc4 {[%clk 1:23:03]} Nb4 {[%clk 1:00:39]} 12. Ne3
{[%clk 1:22:16]} Bd7 {[%clk 1:00:45]} 13. O-O {[%clk 1:09:22]} Ng4
{[%clk 0:57:09]} 14. Nxg4 {[%clk 1:06:59]} Bxg4 {[%clk 0:53:18]} 15. Bd2
{[%clk 0:59:48]} Qb6 {[%clk 0:47:38]} 16. a3 {[%clk 0:58:44]} Na6
{[%clk 0:38:23]} 17. b3 {[%clk 0:57:24]} Rfb8 18. Rb1 {[%clk 0:57:11]} Nc7
{[%clk 0:33:09]} 19. a4 {[%clk 0:52:12]} Qa6 {[%clk 0:22:00]} 20. Re1
{[%clk 0:33:38]} Rb6 21. h3 {[%clk 0:33:38]} Bd7 {[%clk 0:22:13]} 22. Bf1 Rab8
{[%clk 0:10:36]} 23. e4 {[%clk 0:33:39]} Qb7 {[%clk 0:10:17]} 24. Bc4 Qc8
{[%clk 0:06:53]} 25. a5 {[%clk 0:22:13]} R6b7 {[%clk 0:05:03]} 26. h4
{[%clk 0:19:47]} Bd4 {[%clk 0:02:37]} 27. Ne2 Bg4 {[%clk 0:02:44]} 28. Qc2
{[%clk 0:19:42]} Bg7 {[%clk 0:01:41]} 29. Qd3 {[%clk 0:17:24]} Ra7
{[%clk 0:01:25]} 30. b4 {[%clk 0:17:07]} cxb4 {[%clk 0:01:15]} 31. Rxb4
{[%clk 0:17:32]} Rxb4 {[%clk 0:01:19]} 32. Bxb4 Na6 {[%clk 0:01:48]} 33. Bxa6
{[%clk 0:14:24]} Qxa6 {[%clk 0:02:17]} 34. Qxa6 {[%clk 0:11:23]} Rxa6
{[%clk 0:02:37]} 35. Nc3 {[%clk 0:10:57]} Bd7 {[%clk 0:02:54]} 36. Rc1
{[%clk 0:11:02]} Ra7 {[%clk 0:02:28]} 37. Na2 {[%clk 0:08:02]} f5
{[%clk 0:02:36]} 38. exf5 {[%clk 0:04:10]} Bxf5 {[%clk 0:01:03]} 39. Be1
{[%clk 0:04:09]} Kf7 {[%clk 0:00:41]} 40. Rc4 {[%clk 0:03:00]} Bd7
{[%clk 0:00:42]} 41. Bd2 e6 {[%clk 0:01:11]} 42. dxe6+ {[%clk 0:02:33]} Bxe6 43.
Ra4 {[%clk 0:03:05]} Bb3 {[%clk 0:00:45]} 44. Ra3 {[%clk 0:01:56]} Bc4
{[%clk 0:00:39]} 45. Be3 {[%clk 0:02:04]} Rb7 {[%clk 0:00:46]} 46. Bb6
{[%clk 0:01:08]} Re7 {[%clk 0:01:15]} 47. Be3 Rb7 {[%clk 0:01:44]} 48. Bb6
{[%clk 0:00:42]} Re7 49. Be3 1/2-1/2